000 00633nam a22002172 4500
001 0000023662
005 20151217152246.0
008 130315s xx 000 0 eng d
020 _a0857022585 :
040 _aKABU
_cKABU
100 1 _aAlvesson, Mats.
_@0000182022
245 1 0 _aInterpreting interviews /
_cMats Alvesson.
250 _a1st ed.
260 _aLondon :
_bSAGE,
_c2011.
300 _aviii,162 p.
650 0 _aSocial surveys
_xMethodology.
_@0000159008
650 0 _aInterviewing
_xTechnique.
_@0000183253
852 1 _9p4490.40 KES
908 _a130315
950 _@1
999 _c9911
_d9911